000 00487nam a2200157Ia 4500
008 160316s1977 xxu||||| |||| 00| 0 eng d
082 _a341.484000
_bADA
100 _aAdams J D R
245 _aThe international taxation of multinational enterprises in developed countries
250 _a
260 _aWest Port
_bGreenwood press
_c1977
300 _a178p.
_b
_c
365 _bGratis
650 _a1.Double Taxation - International Business Enterprises - Taxation
700 _aWhilley J
_a
999 _c7132
_d7132